Mistrzowie WWE - Statystyki

Ogólne statystyki
  • Ten quiz został rozwiązany 195 razy
  • Średni wynik to 32 z 55
Statystyki odpowiedzi
# Rok Mistrz % Poprawnych
14 2025 John Cena
98%
7 2022 Brock Lesnar
94%
10 2020 Randy Orton
94%
4 2022 Roman Reigns
94%
3 2026 Cody Rhodes
93%
6 2002 Hulk Hogan
86%
8 2013 The Rock
86%
2 2016 Seth Rollins
85%
4 2002 The Undertaker
85%
9 2016 Triple H
85%
1 2011 Rey Mysterio
83%
2 2011 CM Punk
80%
3 2026 Drew McIntyre
80%
2 2017 AJ Styles
77%
1 2016 Dean Ambrose
76%
1 1998 Kane
76%
1 2019 Kofi Kingston
75%
3 1997 Shawn Michaels
75%
4 2009 Edge
72%
6 2001 "Stone Cold" Steve Austin
72%
2 2010 Batista
71%
2 2021 The Miz
71%
2 2002 Big Show
68%
2 1992 Ric Flair
67%
3 2015 Sheamus
67%
1 2021 Big E
66%
4 2018 Daniel Bryan
66%
1 2017 Bray Wyatt
65%
2 2011 Alberto Del Rio
64%
1 2017 Jinder Mahal
63%
2 2022 Bobby Lashley
59%
5 1997 Bret Hart
56%
1 1988 André the Giant
54%
2 1973 Bruno Sammartino
54%
1 2001 Chris Jericho
50%
2 1993 Yokozuna
50%
1 2008 Jeff Hardy
48%
1 1999 Vince McMahon
48%
3 1999 Mankind
47%
1 1990 The Ultimate Warrior
47%
4 2003 Kurt Angle
46%
1 2004 Eddie Guerrero
44%
2 1992 Randy Savage
44%
1 2004 John "Bradshaw" Layfield
40%
1 1994 Diesel
37%
1 2006 Rob Van Dam
36%
1 1991 Sgt. Slaughter
20%
2 1997 Sycho Sid
19%
2 1994 Bob Backlund
18%
1 1983 The Iron Sheik
18%
1 1971 Ivan Koloff
17%
1 1963 Buddy Rogers
15%
1 1971 Pedro Morales
12%
1 1973 Stan Stasiak
12%
1 1977 "Superstar" Billy Graham
8%
Nie znaleziono quizów pasujących do podanych kryteriów
Rozkład punktacji
Procent ludzi z każdym wynikiem
Percentyl według liczby udzielonych odpowiedzi
Twoja historia wyników
Nie rozwiązałeś tego quizu